Statistics for Capital Cities by S

Click here to take the quiz!

General Stats

  • This quiz has been taken 32 times
  • The average score is 9 of 10

Answer Stats

CountryCity% Correct
South KoreaSeoul
100%
ChileSantiago
97%
SingaporeSingapore
97%
SwedenStockholm
97%
El SalvadorSan Salvador
93%
YemenSana'a
90%
Sao Tome and PrincipeSao Tome
87%
MacedoniaSkopje
80%
Dominican RepublicSanto Domingo
70%
Sri LankaSri Jayawardenepura Kotte
43%

Score Distribution

Percentile by Number Answered

Percent of People with Each Score

Your Score History

You have not taken this quiz